00686nam a2200193Ia 4500952015400000999001500154003000400169005001700173008004100190020001800231040000900249082001800258100003100276245008300307260003700390300000900427650001400436942004200450 00102ddc40708Pharmacology & therapeutics aMESbMEScCHEd2019-02-20g299.00l0o615.19 LAK/Pp37671r2019-02-20 00:00:00w2019-02-20yBKzGL29R4 c3602d3602OSt20200824131002.0190216s9999||||xx |||||||||||||| ||und|| a9788131769409 coclc a615.19bLAK/P aLakshmi, N V Chenchu94315 0aPharamaceutical Inorganic Chemistry Theory And Practice /cN V Chenchu Lakshmi bPearson,c2013.aDelhi- Chennai: a408p aChemistry cBK2ddch615.19iLAK/Pk615.19mLAK/P